Logo BPK

Biblioteka

Politechniki Koszalińskiej

17 Międzynarodowe Sympozjum Naukowe Studentów i Młodych Pracowników Nauki, Zielona Góra, kwiecień 1995 = (Rekord nr 31158)

Szczegóły MARC
000 -ETYKIETA REKORDU
podpole kontrolne o stałej długości 01389nam a2200253 i 4500
001 - NUMER KONTROLNY REKORDU
pole kontrolne bg
040 ## - ŹRÓDŁO KATALOGOWANIA
Instytucja, która utworzyła rekord BPK
041 0# - KOD JĘZYKA
Kod języka tekstu pleneru
080 ## - UNIWERSALNA KLASYFIKACJA DZIESIĘTNA - UKD
UKD 62+69+681.322.004+65.012](061.3)
008 - POLE O STAŁEJ DŁUGOŚCI - DANE KONTROLNE
podpole kontrolne o stałej długości s pl f |000 0 pol
111 2# - NAZWA IMPREZY
Nazwa imprezy Międzynarodowe Sympozjum Naukowe Studentów i Młodych Pracowników Nauki
Oznaczenie części/sekcji/imprezy (17 ;
Data imprezy 1995 ;
Miejsce imprezy Zielona Góra).
245 03 - TYTUŁ/ODPOWIEDZIALNOŚĆ
Tytuł 17 Międzynarodowe Sympozjum Naukowe Studentów i Młodych Pracowników Nauki, Zielona Góra, kwiecień 1995 =
Ciąg dalszy tytułu 17 Internationales Wissenschaftliches Kolloquium der Studenten und Jungen Wissenschaftler = 17 Meždunarodnyj Naučnyj Simpoizium Studentov i Molodych Naučnych Rabotnikov.
Oznaczenie części/sekcji dzieła T. 3,
Tytuł części/sekcji dzieła Elektrotechnika i elektronika = Elektrotechnik und Elektronik /
Pozostałe elementy strefy tytułu i oznaczenia odpowiedzialności [kol. red. Tomasz Migacz et al.] ; Wyższa Szkoła Inżynierska w Zielonej Górze.
246 11 - WARIANT TYTUŁU
Tytuł Internationales Wissenschaftliches Kolloquium der Studenten und Jungen Wissenschaftler, 17
246 11 - WARIANT TYTUŁU
Tytuł Meždunarodnyj Naučnyj Simpozium Studentov i Molodych Naučnych Rabotnikov, 17
260 ## - STREFA ADRESU WYDAWNICZEGO
Miejsce wydania Zielona Góra :
Nazwa wydawcy/dystrybutora Wydaw. WSI,
Data publikacji, dystrybucji/powstania dokumentu 1995.
300 ## - STREFA OPISU FIZYCZNEGO
Objętość 171 s. :
Inne cechy fizyczne rys., wykr. ;
Rozmiary 24 cm.
500 ## - UWAGI OGÓLNE
Tekst uwagi Tekst częśc. ang., niem., ros.
504 ## - UWAGA DOTYCZĄCA BIBLIOGRAFII
Informacje o bibliografii Bibliogr., rez., streszcz., summ., Zsfassung przy ref.
650 #9 - HASŁO PRZEDMIOTOWE W FORMIE NAZWY OGÓLNEJ LUB JEDNOSTKOWEJ
Nazwa ogólna lub geograficzna Elektroenergetyka
650 #9 - HASŁO PRZEDMIOTOWE W FORMIE NAZWY OGÓLNEJ LUB JEDNOSTKOWEJ
Nazwa ogólna lub geograficzna Komputery
Określnik ogólny stosowanie
655 ## - TERMIN INDEKSOWY - OKREŚLENIE RODZAJU/FORMY DOKUMENTU
Określenie rodzaju/formy dokumentu Materiały konferencyjne
700 1# - HASŁO DODATKOWE - NAZWA OSOBOWA
Nazwa osobowa Migacz, Tomasz.
Określenie związku między hasłem a opisywanym materiałem Red.
856 ## - LOKALIZACJA I DOSTĘP DO ELEKTRONICZNYCH DOKUMENTÓW ZDALNYCH
Link (URL) http://koha.tu.koszalin.pl/cgi-bin/koha/opac-detail.pl?biblionumber=31158
Tekst linku Katalog online BPK
942 ## - DODATKOWE ELEMENTY (KOHA)
Typ dokumentu Książka
Egzemplarze
Wycofany Status egzemplarza Uszkodzony Dostępność Lokalizacja stała Lokalizacja bieżąca Miejsce przechowywania Sygnatura Kod kreskowy Typ dokumentu
      Dostępny Biblioteka Politechniki Koszalińskiej Biblioteka Politechniki Koszalińskiej Wypożyczalnia BG 38266 01128734 Książka
© 2023 Biblioteka Politechniki Koszalińskiej :: KOHA